|
|
|
|
| LEADER |
00000nam0a2200000 4500 |
| 001 |
355204 |
| 005 |
20231102010753.0 |
| 035 |
|
|
|a (RuTPU)RU\TPU\retro\12463
|
| 090 |
|
|
|a 355204
|
| 100 |
|
|
|a 20200703d1973 k y0rusy50 ca
|
| 101 |
0 |
|
|a rus
|
| 102 |
|
|
|a RU
|
| 105 |
|
|
|a a z 001zy
|
| 200 |
1 |
|
|a Нелинейные волны в диспергирующих средах
|e [монография]
|f В. И. Карпман
|
| 210 |
|
|
|a Москва
|c Наука
|d 1973
|
| 215 |
|
|
|a 176 с.
|c ил.
|
| 320 |
|
|
|a Библиогр.: с. 172-175
|
| 606 |
1 |
|
|a Волны нелинейные
|x Акустика
|2 stltpush
|3 (RuTPU)RU\TPU\subj\3574
|9 31969
|
| 610 |
1 |
|
|a линейное приближение
|
| 610 |
1 |
|
|a диспергирующие среды
|
| 610 |
1 |
|
|a нелинейные стационарные волны
|
| 610 |
1 |
|
|a монографии
|
| 675 |
|
|
|a 534.2
|v 4
|
| 700 |
|
1 |
|a Карпман
|b В. И.
|g Владимир Иосифович
|
| 801 |
|
1 |
|a RU
|b 63413507
|c 20200703
|
| 801 |
|
2 |
|a RU
|b 63413507
|c 20210205
|g RCR
|
| 942 |
|
|
|c BK
|